El arte griego (Record no. 61841)
[ view plain ]
| 000 -LEADER | |
|---|---|
| campo de control de longitud fija | 00736nam a2200217 i 4500 |
| 001 - NÚMERO DE CONTROL | |
| campo de control | 61841 |
| 003 - IDENTIFICADOR DE NÚMERO DE CONTROL | |
| campo de control | ES-MaACL |
| 005 - FECHA Y HORA DE LA ÚLTIMA TRANSACCIÓN | |
| campo de control | 20250812022435.0 |
| 007 - CAMPO FIJO DE DESCRIPCIÓN FÍSICA--INFORMACIÓN GENERAL | |
| campo de control de longitud fija | t| |
| 008 - DATOS DE LONGITUD FIJA--INFORMACIÓN GENERAL | |
| campo de control de longitud fija | 031114s1949 ag ||||1| spa d |
| 100 1# - ENTRADA PRINCIPAL--NOMBRE DE PERSONA | |
| Nombre de persona | Fairbanks, Arthur. |
| 9 (RLIN) | 48650 |
| 245 13 - MENCIÓN DEL TÍTULO | |
| Título | El arte griego |
| Resto del título | : base del arte occidental / |
| Mención de responsabilidad, etc. | por Arthur Fairbanks ; [traducción de José Luis Siri]. |
| 260 ## - PUBLICACIÓN, DISTRIBUCIÓN, ETC. | |
| Lugar de publicación, distribución, etc. | Buenos Aires : |
| Nombre del editor, distribuidor, etc. | Nova, |
| Fecha de publicación, distribución, etc. | [1949] ( |
| Fabricante | López) |
| 300 ## - DESCRIPCIÓN FÍSICA | |
| Extensión | 144 p., 16 lám. : |
| Otras características físicas | il. ; |
| Dimensiones | 18 cm. |
| 490 1# - MENCIÓN DE SERIE | |
| Mención de serie | Nuestra deuda con Grecia y Roma |
| 650 #7 - PUNTO DE ACCESO ADICIONAL DE MATERIA--TÉRMINO DE MATERIA | |
| Término de materia o nombre geográfico como elemento de entrada | Arte griego |
| Fuente del encabezamiento o término | embne |
| 9 (RLIN) | 10221 |
| 700 1# - ENTRADA AGREGADA--NOMBRE PERSONAL | |
| Nombre de persona | Siri, José Luis. |
| 9 (RLIN) | 106678 |
| 830 0# - PUNTO DE ACCESO ADICIONAL DE SERIE-TÍTULO UNIFORME | |
| Título uniforme | Nuestra deuda con Grecia y Roma |
| 9 (RLIN) | 182816 |
| 852 ## - LOCALIZACIÓN | |
| Ubicación | ES-MaACL |
| Número de control de estantería | E-705 |
| Sublocalización o colección | R.28677 |
| Estatus retirado | Estado de pérdida | Estado de daño | No para préstamo | Biblioteca de origen | Biblioteca actual | Ubicación en estantería | Fecha de adquisición | Fuente de adquisición | Total de préstamos | Signatura topográfica completa | Código de barras | Visto por última vez | Precio de reemplazo | Tipo de ítem Koha |
|---|---|---|---|---|---|---|---|---|---|---|---|---|---|---|
| Biblioteca del Ateneo de Madrid | Biblioteca del Ateneo de Madrid | Depósito 2 | 17/01/2008 | E-705 | 1064838 | 23/02/2023 | 23/02/2023 | Libro impreso |
